[Event "Southend Easter op 64th"]
[Site "Southend-on-Sea"]
[Date "2022.04.17"]
[Round "5.32"]
[White "Steiners, Emils"]
[Black "Pereslavtsev, Alexandr"]
[Result "1-0"]
[WhiteElo "1731"]
[BlackElo "1675"]
[PlyCount "113"]
[EventDate "2022.04.15"]
[EventType "swiss"]
[EventRounds "7"]
[EventCountry "ENG"]

1. e4 c5 2. d4 cxd4 3. c3 dxc3 4. Nxc3 Nc6 5. Bc4 e6 6. Nf3 a6 7. O-O Nge7 8.
Bg5 h6 9. Bh4 g5 10. Bg3 Ng6 11. Qd2 Be7 12. Rad1 b5 13. Bb3 O-O 14. Nd4 Bb7
15. Kh1 h5 16. h3 Kg7 17. f4 g4 18. f5 Nh4 19. Nxc6 Bxc6 20. Be5+ Kh7 21. f6
gxh3 22. fxe7 hxg2+ 23. Qxg2 Nxg2 24. exd8=Q Raxd8 25. Kxg2 b4 26. Na4 Bxe4+
27. Kh2 Rg8 28. Rg1 Rxg1 29. Rxg1 d6 30. Bf6 Rg8 31. Rxg8 Kxg8 32. Bd1 Bb1 33.
a3 bxa3 34. bxa3 Bg6 35. Be7 d5 36. Nc5 e5 37. Nxa6 d4 38. Bf6 Kf8 39. Bxe5 d3
40. Nc5 Ke7 41. Bc7 f5 42. Nxd3 Kd7 43. Ne5+ Kxc7 44. Nxg6 Kb6 45. Bxh5 Ka5 46.
Bd1 Kb5 47. Kg3 Ka5 48. Kf4 Kb5 49. Kxf5 Ka6 50. Ne7 Ka7 51. Ke6 Ka6 52. Kd6
Ka7 53. Kc7 Ka8 54. Kb6 Kb8 55. Be2 Ka8 56. Bb5 Kb8 57. Ba6 1-0

[Event "Southend Easter op 64th"]
[Site "Southend-on-Sea"]
[Date "2022.04.17"]
[Round "5.33"]
[White "Ball, Katie C"]
[Black "Valentine, Tim"]
[Result "1/2-1/2"]
[WhiteElo "1307"]
[BlackElo "1591"]
[PlyCount "119"]
[EventDate "2022.04.15"]
[EventType "swiss"]
[EventRounds "7"]
[EventCountry "ENG"]

1. d4 Nf6 2. Nc3 d5 3. Bf4 g6 4. e3 Bg7 5. Nf3 O-O 6. h4 h5 7. Nb5 Na6 8. Be2
c6 9. Nc3 Nc7 10. Ne5 Nd7 11. g4 hxg4 12. Bxg4 Nxe5 13. dxe5 f5 14. Bf3 Ne6 15.
Ne2 Qc7 16. h5 g5 17. h6 Bxe5 18. Bxe5 Qxe5 19. c3 g4 20. Bg2 Kh7 21. Ng3 Rf6
22. Qc2 Nf4 23. Bf1 Rxh6 24. Rxh6+ Kxh6 25. O-O-O Nh5 26. Ne2 Be6 27. Nd4 Nf6
28. Bd3 Kg6 29. Rh1 Ne4 30. a3 c5 31. Ne2 Rh8 32. Rxh8 Qxh8 33. Ng3 c4 34. Bf1
Qh2 35. Nxe4 fxe4 36. Qe2 Bd7 37. Qe1 Ba4 38. Be2 Kg5 39. Qf1 Qh3 40. Qg1 e5
41. Qg3 Kf5 42. Kd2 Bc6 43. Bd1 b5 44. Qg1 a5 45. Qg3 Bd7 46. Be2 Kf6 47. Ke1
Bf5 48. Bf1 Qxg3 49. fxg3 d4 50. exd4 exd4 51. cxd4 Ke6 52. Kd2 Kd5 53. Ke3 b4
54. Be2 bxa3 55. bxa3 c3 56. Bd1 Bd7 57. Bc2 Bf5 58. Bb3+ Kd6 59. Bc2 Ke6 60.
a4 1/2-1/2

[Event "Southend Easter op 64th"]
[Site "Southend-on-Sea"]
[Date "2022.04.17"]
[Round "6.1"]
[White "Nilsson, Joakim 2000"]
[Black "Maycock Bates, David Henry"]
[Result "1-0"]
[WhiteElo "2175"]
[BlackElo "2183"]
[PlyCount "87"]
[EventDate "2022.04.15"]
[EventType "swiss"]
[EventRounds "7"]
[EventCountry "ENG"]

1. Nf3 d5 2. c4 e6 3. d4 Nf6 4. g3 dxc4 5. Bg2 a6 6. O-O Nc6 7. e3 Rb8 8. Nfd2
e5 9. Bxc6+ bxc6 10. dxe5 Ng4 11. Nxc4 Be6 12. Qe2 Qd5 13. b3 Nxe5 14. Nxe5
Qxe5 15. Bb2 Qa5 16. Nd2 Qb5 17. Qxb5 axb5 18. Rfc1 Rd8 19. Ne4 h5 20. h4 Bd5
21. Nc5 Bf3 22. Bd4 Rg8 23. a4 g5 24. hxg5 Rxg5 25. a5 Bxc5 26. Rxc5 Rxc5 27.
Bxc5 Kd7 28. a6 Ra8 29. b4 Ke6 30. a7 f5 31. Kf1 Kd5 32. Ra2 Kc4 33. Rd2 Be4
34. Ke2 Kc3 35. Rd7 f4 36. exf4 Re8 37. Re7 Rxe7 38. Bxe7 c5 39. Bxc5 Kc4 40.
Ke3 Bb7 41. f5 Kd5 42. Kf4 h4 43. gxh4 Bc6 44. h5 1-0

[Event "Southend Easter op 64th"]
[Site "Southend-on-Sea"]
[Date "2022.04.17"]
[Round "6.2"]
[White "Zapolskis, Antanas"]
[Black "Bates, Richard A"]
[Result "1-0"]
[WhiteElo "2265"]
[BlackElo "2356"]
[PlyCount "99"]
[EventDate "2022.04.15"]
[EventType "swiss"]
[EventRounds "7"]
[EventCountry "ENG"]

1. e4 c5 2. Nf3 d6 3. d4 cxd4 4. Nxd4 Nf6 5. Nc3 a6 6. Bc4 e6 7. Bb3 Nbd7 8. f4
Nc5 9. e5 Nfd7 10. exd6 Nf6 11. Be3 Bxd6 12. Qf3 Bd7 13. O-O-O Qc7 14. Kb1
O-O-O 15. h3 Kb8 16. Rhe1 Rhe8 17. g4 Nxb3 18. Nxb3 Bb4 19. Bd4 Bc6 20. Qf2 Ka8
21. Bb6 Rxd1+ 22. Rxd1 Qe7 23. Qd4 Nd7 24. Ba5 Bc5 25. Qc4 Bd6 26. Nd4 Nb8 27.
Nxc6 Nxc6 28. Bb6 Bc7 29. Bf2 Rd8 30. a3 Rxd1+ 31. Nxd1 Qd6 32. Nc3 Qxf4 33.
Qe2 Nd4 34. Qe1 Nf3 35. Qe2 Nd4 36. Qe1 Ba5 37. Be3 Qe5 38. Qd2 Nc6 39. b4 Bc7
40. Qd3 Qd6 41. Qxh7 Nxb4 42. Qxg7 Nc6 43. Qh8+ Bd8 44. Bb6 Qxa3 45. Bxd8 Qb4+
46. Kc1 Qf4+ 47. Kd1 Qd6+ 48. Kc1 Qf4+ 49. Kb1 Qb4+ 50. Ka1 1-0

[Event "Southend Easter op 64th"]
[Site "Southend-on-Sea"]
[Date "2022.04.17"]
[Round "6.3"]
[White "Haydon, David L"]
[Black "Walker, Martin G"]
[Result "1/2-1/2"]
[WhiteElo "2282"]
[BlackElo "2187"]
[PlyCount "91"]
[EventDate "2022.04.15"]
[EventType "swiss"]
[EventRounds "7"]
[EventCountry "ENG"]

1. c4 e5 2. Nc3 Nc6 3. g3 Nf6 4. Bg2 Bc5 5. e3 O-O 6. Nge2 d6 7. h3 Ne7 8. d4
Bb6 9. Na4 Ba5+ 10. Bd2 Bxd2+ 11. Qxd2 Bd7 12. Nac3 Bc6 13. e4 Re8 14. O-O Ng6
15. Rfe1 b6 16. Rad1 Nd7 17. dxe5 Ngxe5 18. Nd4 Bb7 19. b3 Nc5 20. Re3 a5 21.
Nf5 Ng6 22. Nd5 Bxd5 23. exd5 Rxe3 24. Qxe3 Qd7 25. g4 Re8 26. Qc3 f6 27. Re1
Nf4 28. Bf1 Kf7 29. Re3 Ng6 30. Qd4 Ne7 31. Ng3 Ng6 32. f4 Rxe3 33. Qxe3 Qe8
34. Kf2 Qxe3+ 35. Kxe3 a4 36. bxa4 Nxa4 37. Bd3 Nb2 38. Bxg6+ hxg6 39. Kd4 Nd1
40. Ne4 Nb2 41. Kc3 Nd1+ 42. Kb4 Ke7 43. a4 Ne3 44. Kb5 Kd7 45. Kb4 Ng2 46. f5
1/2-1/2

[Event "Southend Easter op 64th"]
[Site "Southend-on-Sea"]
[Date "2022.04.17"]
[Round "6.4"]
[White "Dougherty, Michael"]
[Black "Grieve, Harry"]
[Result "1/2-1/2"]
[WhiteElo "2066"]
[BlackElo "2387"]
[PlyCount "52"]
[EventDate "2022.04.15"]
[EventType "swiss"]
[EventRounds "7"]
[EventCountry "ENG"]

1. d4 f5 2. Nf3 Nf6 3. Bg5 e6 4. Nbd2 Be7 5. Bxf6 Bxf6 6. e4 O-O 7. Bd3 d5 8.
exf5 exf5 9. O-O Nc6 10. c3 Qd6 11. Qc2 g6 12. Rfe1 Bd7 13. b4 Rae8 14. b5 Na5
15. c4 dxc4 16. Nxc4 Nxc4 17. Bxc4+ Kg7 18. a4 Rxe1+ 19. Rxe1 Re8 20. Rxe8 Bxe8
21. Qd3 Bd7 22. g3 Bc8 23. Qe3 Qe7 24. Ne5 Bg5 25. f4 Bf6 26. Qc3 Kh6 1/2-1/2

[Event "Southend Easter op 64th"]
[Site "Southend-on-Sea"]
[Date "2022.04.17"]
[Round "6.5"]
[White "Baer, Bruce L"]
[Black "Villiers, Thomas"]
[Result "0-1"]
[WhiteElo "1992"]
[BlackElo "2219"]
[PlyCount "117"]
[EventDate "2022.04.15"]
[EventType "swiss"]
[EventRounds "7"]
[EventCountry "ENG"]

1. g3 e5 2. Bg2 d5 3. d3 c5 4. e4 dxe4 5. dxe4 Qxd1+ 6. Kxd1 Nc6 7. Be3 Nf6 8.
f3 Be7 9. Nd2 Be6 10. c3 O-O 11. Bh3 Bxh3 12. Nxh3 Rfd8 13. Nf2 Ne8 14. Kc2
Nd4+ 15. Kc1 Rac8 16. Rd1 Nc7 17. Ng4 Nc6 18. Nc4 f6 19. h4 h5 20. Nh2 b5 21.
Nd2 Na5 22. g4 hxg4 23. Nxg4 Ne6 24. h5 c4 25. Rg1 Kf7 26. Bxa7 Nf4 27. Kc2 Rh8
28. Be3 Nxh5 29. Rg2 Nf4 30. Bxf4 exf4 31. Re1 Rc6 32. Nf2 Nb7 33. Reg1 Rh7 34.
Rg4 Bc5 35. Rh1 Rxh1 36. Nxh1 Be3 37. Nf1 Nc5 38. Nhg3 g6 39. Ne2 Ra6 40. a3
Rd6 41. Nxf4 Bxf4 42. Rxf4 Nd3 43. Rh4 Ne1+ 44. Kc1 Nxf3 45. Rh7+ Ke6 46. Rb7
Ke5 47. Rxb5+ Kxe4 48. a4 Kd3 49. a5 Re6 50. Rd5+ Ke4 51. Rc5 Kd3 52. Rd5+ Ke2
53. Nd2 Nxd2 54. Rxd2+ Ke3 55. Rd4 f5 56. Rxc4 f4 57. Rd4 f3 58. Rd1 f2 59. b4
0-1

[Event "Southend Easter op 64th"]
[Site "Southend-on-Sea"]
[Date "2022.04.17"]
[Round "6.6"]
[White "Hobson, Kenneth"]
[Black "Schwartz, Julius"]
[Result "0-1"]
[WhiteElo "1674"]
[BlackElo "2118"]
[PlyCount "50"]
[EventDate "2022.04.15"]
[EventType "swiss"]
[EventRounds "7"]
[EventCountry "ENG"]

1. e4 c5 2. d4 cxd4 3. c3 Nf6 4. e5 Nd5 5. Nf3 d6 6. Bc4 Nb6 7. Bb3 Nc6 8. exd6
Qxd6 9. cxd4 Be6 10. Nc3 Bxb3 11. Qxb3 e6 12. O-O Be7 13. Rd1 Rd8 14. Nb5 Qb8
15. Be3 Nd5 16. Ne5 O-O 17. Rac1 Nxe5 18. dxe5 Qxe5 19. Bxa7 Nf4 20. Re1 Qg5
21. Qf3 Nd3 22. Qxb7 Nxc1 23. Be3 Ne2+ 24. Kf1 Nf4 25. Qe4 Qxb5+ 0-1

[Event "Southend Easter op 64th"]
[Site "Southend-on-Sea"]
[Date "2022.04.17"]
[Round "6.7"]
[White "Varnam, Liam D"]
[Black "Onslow, Alfie"]
[Result "0-1"]
[WhiteElo "2087"]
[BlackElo "2077"]
[PlyCount "68"]
[EventDate "2022.04.15"]
[EventType "swiss"]
[EventRounds "7"]
[EventCountry "ENG"]

1. e4 c6 2. d4 d5 3. Nc3 dxe4 4. Nxe4 Nf6 5. Nxf6+ exf6 6. Nf3 Bd6 7. Bd3 O-O
8. O-O Bg4 9. c4 Re8 10. h3 Bh5 11. Bd2 Nd7 12. Bc3 Nf8 13. g4 Bg6 14. Nh4 Bxd3
15. Qxd3 Ne6 16. Ng2 Bc7 17. Rad1 Qd6 18. f4 Rad8 19. Qf3 b5 20. b3 bxc4 21.
bxc4 Qa3 22. Kh1 Nxf4 23. Nxf4 Bxf4 24. Rd3 Bb8 25. Rd2 h6 26. c5 Re6 27. Rc2
Rde8 28. Qg2 Qa4 29. Rff2 Re1+ 30. Bxe1 Rxe1+ 31. Qg1 Rxg1+ 32. Kxg1 Qxd4 33.
Rcd2 Qa1+ 34. Rf1 Qe5 0-1

[Event "Southend Easter op 64th"]
[Site "Southend-on-Sea"]
[Date "2022.04.17"]
[Round "6.8"]
[White "Jones, Steven A"]
[Black "Dias, Savin"]
[Result "1-0"]
[WhiteElo "2246"]
[BlackElo "1968"]
[PlyCount "121"]
[EventDate "2022.04.15"]
[EventType "swiss"]
[EventRounds "7"]
[EventCountry "ENG"]

1. e4 c5 2. Nf3 Nc6 3. d4 cxd4 4. Nxd4 g6 5. Nc3 Bg7 6. Be3 Nf6 7. Bc4 d6 8. f3
O-O 9. Qd2 Bd7 10. O-O-O Rc8 11. Bb3 Ne5 12. h4 h5 13. Bg5 Rc5 14. f4 Nc4 15.
Qd3 b5 16. e5 Ng4 17. Ne4 Rd5 18. Bxc4 bxc4 19. Qxc4 Ne3 20. Qb3 dxe5 21. fxe5
Nxd1 22. Qxd5 Bg4 23. Qxd8 Rxd8 24. Nc6 Rd7 25. Nxe7+ Kf8 26. Nf6 Rxe7 27. Nxg4
Re8 28. Nf6 Bxf6 29. Bxf6 Nf2 30. Re1 Ng4 31. Kd2 Re6 32. c4 Nxf6 33. exf6 Rxf6
34. g3 Rf2+ 35. Re2 Rf3 36. Re3 Rf5 37. Kc3 f6 38. b4 g5 39. hxg5 fxg5 40. c5
h4 41. gxh4 gxh4 42. c6 Rf7 43. Kd4 h3 44. Rxh3 Ke7 45. Kc4 Kd6 46. Rh6+ Kc7
47. Kb5 Rf5+ 48. Ka6 Rf3 49. a4 Rf4 50. Rh7+ Kxc6 51. b5+ Kc5 52. Rc7+ Kb4 53.
a5 Rf5 54. Rc1 Rf6+ 55. b6 Rf5 56. Rb1+ Ka4 57. Ra1+ Kb4 58. Kxa7 Rf7+ 59. b7
Kb5 60. a6 Kc6 61. Ka8 1-0

[Event "Southend Easter op 64th"]
[Site "Southend-on-Sea"]
[Date "2022.04.17"]
[Round "6.10"]
[White "Eames, Robert S"]
[Black "Stoica, Savas Marin"]
[Result "0-1"]
[WhiteElo "2140"]
[BlackElo "1963"]
[PlyCount "70"]
[EventDate "2022.04.15"]
[EventType "swiss"]
[EventRounds "7"]
[EventCountry "ENG"]

1. e4 c5 2. Nc3 Nc6 3. Bb5 g6 4. Bxc6 bxc6 5. d3 Bg7 6. f4 Nf6 7. Nf3 O-O 8.
O-O d6 9. Qe1 Nd7 10. f5 e6 11. fxg6 fxg6 12. Bg5 Qb6 13. Rb1 c4+ 14. Be3 Qa5
15. d4 c5 16. dxc5 Nxc5 17. Ng5 Bb7 18. Qh4 h6 19. Nf3 h5 20. Qg3 Nxe4 21. Nxe4
Bxe4 22. Ng5 Bxc2 23. Nxe6 Bxb1 24. Nxf8 Rxf8 25. Rxb1 Qf5 26. Re1 d5 27. Qc7
Rf7 28. Qd8+ Kh7 29. Rd1 Rd7 30. Qh4 Bxb2 31. h3 Bf6 32. Qg3 d4 33. Bc1 d3 34.
Rf1 Bd4+ 35. Be3 Qe4 0-1

[Event "Southend Easter op 64th"]
[Site "Southend-on-Sea"]
[Date "2022.04.17"]
[Round "6.11"]
[White "Sedykh, Mikhail"]
[Black "Foster, Timothy"]
[Result "1-0"]
[WhiteElo "2117"]
[BlackElo "1872"]
[PlyCount "69"]
[EventDate "2022.04.15"]
[EventType "swiss"]
[EventRounds "7"]
[EventCountry "ENG"]

1. d4 Nf6 2. c4 g6 3. Nc3 Bg7 4. e4 d6 5. Nf3 O-O 6. Be2 e5 7. O-O Nc6 8. d5
Ne7 9. b4 a5 10. Ba3 axb4 11. Bxb4 b6 12. a4 Ne8 13. Nb5 f5 14. a5 bxa5 15.
Rxa5 Rxa5 16. Bxa5 Bh6 17. Nxe5 dxe5 18. d6 Nxd6 19. Bxc7 Qd7 20. Qxd6 fxe4 21.
c5 Nf5 22. Bc4+ Kh8 23. Qxe5+ Bg7 24. Qxe4 Ba6 25. c6 Qd2 26. Be5 Qb4 27. Bxg7+
Kxg7 28. Qd5 Bc8 29. Nd4 Nd6 30. Qe5+ Kh6 31. Be6 Bxe6 32. Nxe6 Rf5 33. Qg7+
Kh5 34. Qxh7+ Kg4 35. Qh3# 1-0

[Event "Southend Easter op 64th"]
[Site "Southend-on-Sea"]
[Date "2022.04.17"]
[Round "6.12"]
[White "Willmoth, Robert F"]
[Black "Pandit, Kabir"]
[Result "1-0"]
[WhiteElo "2106"]
[BlackElo "1826"]
[PlyCount "90"]
[EventDate "2022.04.15"]
[EventType "swiss"]
[EventRounds "7"]
[EventCountry "ENG"]

1. d4 Nf6 2. Nf3 e6 3. b3 b6 4. Bb2 Bb7 5. Nbd2 d5 6. e3 Bd6 7. Bd3 Nbd7 8. O-O
O-O 9. c4 c5 10. Qc2 cxd4 11. exd4 Rc8 12. Rac1 dxc4 13. bxc4 Qc7 14. Rfe1 Rfe8
15. Ne5 Nf8 16. Ndf3 Ng6 17. Bxg6 hxg6 18. Ng5 Bxe5 19. dxe5 Nd7 20. Qc3 f6 21.
exf6 gxf6 22. Qh3 Re7 23. Rxe6 Rg7 24. Bxf6 Qf4 25. Qe3 Qxe3 26. fxe3 Nxf6 27.
Rxf6 Bd5 28. e4 Bxc4 29. Kf2 b5 30. Ke3 a5 31. a3 a4 32. Rd1 Rf8 33. Rfd6 Kh8
34. Ne6 Bxe6 35. Rxe6 Rb8 36. Ra6 Kh7 37. Rdd6 Rc7 38. Rd3 Rc4 39. Re6 Rb7 40.
Kf4 Kh6 41. Rh3+ Kg7 42. Kg5 b4 43. Rxg6+ Kf8 44. Rh8+ Ke7 45. Rh7+ Kf8 1-0

[Event "Southend Easter op 64th"]
[Site "Southend-on-Sea"]
[Date "2022.04.17"]
[Round "6.13"]
[White "Ethelontis, Alexandros N"]
[Black "Bryant, Harry"]
[Result "1-0"]
[WhiteElo "2077"]
[BlackElo "1425"]
[PlyCount "63"]
[EventDate "2022.04.15"]
[EventType "swiss"]
[EventRounds "7"]
[EventCountry "ENG"]

1. Nf3 Nf6 2. c4 g6 3. b3 Bg7 4. Bb2 d6 5. d4 O-O 6. g3 c5 7. Bg2 Nc6 8. d5 Nb8
9. O-O Nbd7 10. Ne1 a6 11. Nc3 Rb8 12. a4 Ne8 13. Nd3 f5 14. Qc2 Nc7 15. e4 Ne5
16. Nxe5 Bxe5 17. Ne2 f4 18. gxf4 Bxf4 19. Nxf4 Rxf4 20. Qc3 Rf6 21. f4 b5 22.
axb5 axb5 23. e5 b4 24. Qg3 Rf8 25. e6 Qe8 26. f5 Rb6 27. Be4 h6 28. fxg6 Nxe6
29. dxe6 Bxe6 30. Qh4 Rxf1+ 31. Rxf1 Bxc4 32. Qxh6 1-0

[Event "Southend Easter op 64th"]
[Site "Southend-on-Sea"]
[Date "2022.04.17"]
[Round "6.14"]
[White "Kesterson, Kennan"]
[Black "Hebbes, Tim"]
[Result "1/2-1/2"]
[WhiteElo "1829"]
[BlackElo "2049"]
[PlyCount "82"]
[EventDate "2022.04.15"]
[EventType "swiss"]
[EventRounds "7"]
[EventCountry "ENG"]

1. e4 e6 2. d4 d5 3. Nd2 Nc6 4. Ngf3 Nf6 5. exd5 exd5 6. c3 Bd6 7. Bd3 Qe7+ 8.
Qe2 O-O 9. Qxe7 Nxe7 10. Nb3 b6 11. Bg5 Ne4 12. Bxe4 dxe4 13. Nfd2 Bb7 14. Nc4
Nf5 15. Nxd6 Nxd6 16. O-O-O Rae8 17. Be3 f5 18. g3 Rf7 19. d5 Re5 20. Bf4 Rxd5
21. Rxd5 Bxd5 22. Bxd6 cxd6 23. Rd1 Bxb3 24. axb3 Rf6 25. Kd2 Kf7 26. Ke3 Re6
27. Rd5 Kf6 28. c4 g6 29. b4 Ke7 30. Kd4 Kd7 31. b5 Re7 32. b4 Ke6 33. Ke3 Rc7
34. Kd4 Rc8 35. h4 Rc7 36. Kc3 h5 37. Rd1 Rd7 38. Kd4 Rc7 39. Ra1 Rb7 40. Ra2
Rd7 41. Ra1 Rc7 1/2-1/2

[Event "Southend Easter op 64th"]
[Site "Southend-on-Sea"]
[Date "2022.04.17"]
[Round "6.15"]
[White "Potter, John M"]
[Black "Verma, Shlok"]
[Result "1-0"]
[WhiteElo "2055"]
[BlackElo "1831"]
[PlyCount "77"]
[EventDate "2022.04.15"]
[EventType "swiss"]
[EventRounds "7"]
[EventCountry "ENG"]

1. e4 e6 2. Nc3 d5 3. Nf3 Nf6 4. e5 Nfd7 5. d4 a6 6. Be2 c5 7. O-O Nc6 8. Bf4
cxd4 9. Nxd4 Ndxe5 10. Qd2 Bd6 11. Rfe1 O-O 12. Rad1 Nxd4 13. Qxd4 Nc6 14. Qd2
Qc7 15. Bxd6 Qxd6 16. a3 b5 17. b4 Qc7 18. Bd3 Ne5 19. Qf4 Qxc3 20. Rxe5 f5 21.
Re3 Qf6 22. h4 Re8 23. Rde1 Bd7 24. Re5 Rac8 25. Qd4 Red8 26. R1e3 Kh8 27. Rg3
Rc6 28. Rge3 Rdc8 29. g3 h6 30. Re1 Qd8 31. h5 Qf6 32. Kg2 Kg8 33. Bxf5 exf5
34. Qxd5+ Kh7 35. Qxd7 f4 36. Qd3+ Kg8 37. Re8+ Rxe8 38. Rxe8+ Kf7 39. Qd7+ 1-0

[Event "Southend Easter op 64th"]
[Site "Southend-on-Sea"]
[Date "2022.04.17"]
[Round "6.16"]
[White "Barton, Tom A"]
[Black "Rogers, Tim L"]
[Result "0-1"]
[WhiteElo "1779"]
[BlackElo "1986"]
[PlyCount "20"]
[EventDate "2022.04.15"]
[EventType "swiss"]
[EventRounds "7"]
[EventCountry "ENG"]

1. e4 d6 2. d4 Nf6 3. Bd3 e5 4. c3 d5 5. dxe5 Nxe4 6. Nf3 Nc6 7. Qe2 Nc5 8. Bc2
a5 9. Bf4 d4 10. O-O d3 0-1

[Event "Southend Easter op 64th"]
[Site "Southend-on-Sea"]
[Date "2022.04.17"]
[Round "6.17"]
[White "Brixel, Christof"]
[Black "Badacsonyi, Frankie"]
[Result "1/2-1/2"]
[WhiteElo "1974"]
[BlackElo "1710"]
[PlyCount "43"]
[EventDate "2022.04.15"]
[EventType "swiss"]
[EventRounds "7"]
[EventCountry "ENG"]

1. Nf3 Nf6 2. b3 b6 3. g3 Bb7 4. Bg2 e6 5. c4 Be7 6. O-O O-O 7. Bb2 d5 8. cxd5
Nxd5 9. Nc3 c5 10. Qc2 Nc6 11. Nxd5 Qxd5 12. Qc4 Qh5 13. h4 Na5 14. Qf4 Rfd8
15. Bc3 Bd6 16. Qg5 Qxg5 17. Nxg5 Bxg2 18. Kxg2 Nc6 19. Rfd1 Rd7 20. d4 cxd4
21. Bxd4 Rad8 22. Bb2 1/2-1/2

[Event "Southend Easter op 64th"]
[Site "Southend-on-Sea"]
[Date "2022.04.17"]
[Round "6.18"]
[White "Badacsonyi, Stanley"]
[Black "Kafetzopoulos, Anastasios"]
[Result "1/2-1/2"]
[WhiteElo "1476"]
[BlackElo "1934"]
[PlyCount "76"]
[EventDate "2022.04.15"]
[EventType "swiss"]
[EventRounds "7"]
[EventCountry "ENG"]

1. d4 Nf6 2. Nc3 d5 3. Bf4 g6 4. e3 Bg7 5. h4 h5 6. Bd3 O-O 7. Nf3 Bg4 8. Qd2
Nbd7 9. Ne5 Nxe5 10. Bxe5 b6 11. f3 Be6 12. O-O-O c5 13. Rdg1 c4 14. Be2 b5 15.
Nxb5 Ne8 16. Bxg7 Nxg7 17. g4 Qb6 18. Nc3 Rab8 19. Nd1 a5 20. gxh5 Nxh5 21. e4
c3 22. Qxc3 Nf4 23. Qe3 Nxe2+ 24. Qxe2 Qxd4 25. h5 Kg7 26. c3 Qf6 27. hxg6 fxg6
28. Qd2 Qf4 29. Rg5 Qxd2+ 30. Kxd2 dxe4 31. fxe4 Bxa2 32. Rxa5 Bb3 33. Ke3 Bxd1
34. Rxd1 Rxb2 35. Ra7 Rf7 36. Rdd7 Kf6 37. Ra6+ Kg7 38. Raa7 Kf6 1/2-1/2

[Event "Southend Easter op 64th"]
[Site "Southend-on-Sea"]
[Date "2022.04.17"]
[Round "6.19"]
[White "Thatte, Nishchal"]
[Black "Catabay, Mae Katelyn Rose"]
[Result "1-0"]
[WhiteElo "1892"]
[BlackElo "1265"]
[PlyCount "91"]
[EventDate "2022.04.15"]
[EventType "swiss"]
[EventRounds "7"]
[EventCountry "ENG"]

1. d4 Nf6 2. c4 g6 3. g3 Bg7 4. Bg2 e6 5. Nc3 d5 6. Nf3 O-O 7. Qb3 Nc6 8. cxd5
exd5 9. O-O Re8 10. Bg5 Na5 11. Qa4 c6 12. Rfe1 Nc4 13. Qb3 h6 14. Bf4 Nh5 15.
Bc1 g5 16. h3 b6 17. Qc2 Nd6 18. b3 Bf5 19. Qd1 Bg6 20. Bb2 f5 21. Ne5 Bxe5 22.
dxe5 Ne4 23. Rc1 Rc8 24. b4 Qe7 25. b5 Qb4 26. Qb3 Qxb3 27. axb3 c5 28. Nxd5
Bf7 29. Red1 Rcd8 30. Ne7+ Kf8 31. Nxf5 Rxd1+ 32. Rxd1 Bxb3 33. Ra1 Nd2 34.
Rxa7 Nc4 35. Bc3 Nxe5 36. Rb7 Re6 37. Ne3 Nf6 38. Kf1 Ned7 39. Bc6 Re7 40. Nf5
Rh7 41. e4 Bc4+ 42. Ke1 Bd3 43. f3 Bc4 44. Bxf6 Nxf6 45. Rb8+ Kf7 46. Nd6+ 1-0

[Event "Southend Easter op 64th"]
[Site "Southend-on-Sea"]
[Date "2022.04.17"]
[Round "6.20"]
[White "Williamson, Kevin J"]
[Black "Pert, Nina"]
[Result "1-0"]
[WhiteElo "1878"]
[BlackElo "1535"]
[PlyCount "119"]
[EventDate "2022.04.15"]
[EventType "swiss"]
[EventRounds "7"]
[EventCountry "ENG"]

1. d4 d5 2. Nf3 Nf6 3. e3 g6 4. c4 c6 5. Nc3 Bg7 6. Bd3 O-O 7. O-O Re8 8. Ne5
Nh5 9. f4 e6 10. g4 Nf6 11. Qf3 dxc4 12. Bxc4 Nd5 13. Qf2 Rf8 14. e4 Nb6 15.
Bb3 N8d7 16. Be3 Kh8 17. Rad1 Qc7 18. Qh4 Nxe5 19. fxe5 Nd7 20. Rf3 Re8 21.
Rxf7 Qb6 22. Na4 Qb4 23. Bh6 Rg8 24. Bxg7+ Rxg7 25. Rxg7 Kxg7 26. Nc3 Qf8 27.
Rf1 Qe8 28. Ne2 Kg8 29. Nf4 Nf8 30. Qf6 a5 31. a4 b5 32. axb5 cxb5 33. Rc1 Ra6
34. Rc7 Bd7 35. d5 a4 36. dxe6 axb3 37. exd7 Ra1+ 38. Kf2 Qa8 39. Qxf8+ Qxf8
40. Rc8 Ra8 41. Rxf8+ Rxf8 42. Ke3 Kf7 43. e6+ Ke7 44. g5 Kd6 45. Kd4 Rb8 46.
e5+ Ke7 47. Kc5 Rf8 48. Nd5+ Kxe6 49. Nf6 Ke7 50. Kxb5 Ra8 51. Kc6 Kd8 52. e6
Ra6+ 53. Kd5 Ra1 54. Kd6 Ra6+ 55. Ke5 Ra5+ 56. Nd5 Ra1 57. Nb4 Kc7 58. Kf6 Rd1
59. Ke7 Rd6 60. Na6+ 1-0

[Event "Southend Easter op 64th"]
[Site "Southend-on-Sea"]
[Date "2022.04.17"]
[Round "6.21"]
[White "Hill, Alistair"]
[Black "Steiners, Emils"]
[Result "1-0"]
[WhiteElo "2223"]
[BlackElo "1731"]
[PlyCount "73"]
[EventDate "2022.04.15"]
[EventType "swiss"]
[EventRounds "7"]
[EventCountry "ENG"]

1. c4 e6 2. g3 d5 3. Nf3 Nf6 4. Bg2 c5 5. O-O Nc6 6. d4 dxc4 7. dxc5 Qxd1 8.
Rxd1 Bxc5 9. Nbd2 O-O 10. Nxc4 Rb8 11. Bf4 Ra8 12. Nfe5 Nxe5 13. Nxe5 Nh5 14.
Bd2 f6 15. Nd3 Be7 16. g4 e5 17. gxh5 Rb8 18. Bb4 Bxb4 19. Nxb4 Bg4 20. Bf3
Bxf3 21. exf3 Rfd8 22. Kf1 Kf7 23. Ke2 Ke6 24. Rac1 Rxd1 25. Rxd1 Rc8 26. Nd3
a5 27. Rc1 Rxc1 28. Nxc1 Kd5 29. Ke3 f5 30. f4 e4 31. Ne2 g6 32. h6 b5 33. h4
b4 34. b3 Kc5 35. Ng1 Kd5 36. Nh3 Kc5 37. Ng5 1-0

[Event "Southend Easter op 64th"]
[Site "Southend-on-Sea"]
[Date "2022.04.17"]
[Round "6.22"]
[White "Staples, Maurice J"]
[Black "Mehrafarin, Amirabbas"]
[Result "1-0"]
[WhiteElo "1986"]
[BlackElo "1716"]
[PlyCount "31"]
[EventDate "2022.04.15"]
[EventType "swiss"]
[EventRounds "7"]
[EventCountry "ENG"]

1. e4 c6 2. d4 d5 3. f3 dxe4 4. fxe4 e5 5. Nf3 exd4 6. Bc4 Nf6 7. O-O Bc5 8.
Ng5 d3+ 9. Kh1 Qd4 10. Bxf7+ Ke7 11. c3 Qd8 12. e5 Ng4 13. Ne4 Be3 14. e6 Bxc1
15. Qxg4 Bh6 16. Qh4+ 1-0

[Event "Southend Easter op 64th"]
[Site "Southend-on-Sea"]
[Date "2022.04.17"]
[Round "6.23"]
[White "Sedykh, Stakhey"]
[Black "Brown, Geoffrey M"]
[Result "1/2-1/2"]
[WhiteElo "1604"]
[BlackElo "1906"]
[PlyCount "29"]
[EventDate "2022.04.15"]
[EventType "swiss"]
[EventRounds "7"]
[EventCountry "ENG"]

1. e4 c6 2. d4 d5 3. e5 h5 4. Bd3 Bg4 5. f3 Bd7 6. Bg5 Qb6 7. Ne2 e6 8. b3 c5
9. c3 Nc6 10. Be3 cxd4 11. cxd4 Nb4 12. Nbc3 Nxd3+ 13. Qxd3 Ne7 14. O-O Nf5 15.
Rac1 1/2-1/2

[Event "Southend Easter op 64th"]
[Site "Southend-on-Sea"]
[Date "2022.04.17"]
[Round "6.24"]
[White "Staniland, Philip"]
[Black "Latypova, Olga L"]
[Result "0-1"]
[WhiteElo "1902"]
[BlackElo "1451"]
[PlyCount "116"]
[EventDate "2022.04.15"]
[EventType "swiss"]
[EventRounds "7"]
[EventCountry "ENG"]

1. Nf3 c5 2. g3 Nf6 3. Bg2 g6 4. d3 d5 5. O-O Bg7 6. Nbd2 O-O 7. Re1 Nc6 8. c3
b6 9. e4 e6 10. e5 Nd7 11. d4 Ba6 12. Nf1 Re8 13. h4 Rc8 14. a3 f6 15. Bf4 fxe5
16. dxe5 Qc7 17. h5 Ndxe5 18. hxg6 hxg6 19. N1h2 Nxf3+ 20. Nxf3 Qd8 21. Qc2 Qf6
22. Bh3 e5 23. Bxc8 Bxc8 24. Qd2 Qf7 25. Ng5 Qd7 26. Qe2 Qg4 27. Qxg4 Bxg4 28.
f3 Bd7 29. Bd2 d4 30. Ne4 Rf8 31. Kg2 Ne7 32. Rh1 Bc6 33. Rae1 Nd5 34. c4 Nf6
35. Bh6 Bxe4 36. fxe4 Ng4 37. Bxg7 Kxg7 38. Kh3 Nf2+ 39. Kg2 Nxh1 40. Rxh1 g5
41. Rh5 Kg6 42. Rh1 Rf7 43. Rh8 Rd7 44. Rh1 g4 45. Rd1 Rf7 46. Rd3 Kg5 47. a4
a6 48. Ra3 Rb7 49. Rb3 Rd7 50. Rd3 b5 51. axb5 axb5 52. b3 bxc4 53. bxc4 Rb7
54. Rd2 Rb3 55. Rf2 Rf3 56. Rxf3 gxf3+ 57. Kxf3 d3 58. Ke3 Kg4 0-1